LEADER 00880nam a2200241 i 4500 001 000000137520 003 CaOOAMICUS 005 20240513163433.0 008 050414s1965 it u000 u ita u 013 $a111310 040 $aSeMil$bita 100 1 $aZùccoli, Luciano.$0(OLS)http://semarc/name/55799 245 13$aLa freccia nel fianco /$cLuciano Zùccoli. 260 $aRoma :$bCasini,$c1965. 300 $a239 p. ;$c18 cm. 490 0 $aI libri del sabato ;$v3 830 2$aI libri del sabato ;$v3.$0(OLS)http://semarc/title/17673 850 $aSeMil 852 $aSeMil$W1$xVenegono$y1$m883 3 3 *$j91065$B91065$CSeMilBibl$Z2$F95889 $81 961 $aRecupero: Biblioteca Seminario Seveso (fino al 1985) 996 $6245$aLa freccia nel fianco$9(OLS)http://semarc/title/200935 996 $6260$aRoma :$bCasini$9(OLS)http://semarc/publisher/33129 LEADER 00900nam a2200229 i 4500 001 000000051397 003 CaOOAMICUS 005 20100505000000.0 008 100505s1926 xx u000 u ger u 013 $a22569 040 $aSeMil$bita 100 1 $aKlug, Ignaz.$0(OLS)http://semarc/name/22580 245 14$aDie Tiefen der Seele :$bMoralpsychologische Studien /$cJ. Klug. 250 $a5. Aufl. 260 $aPaderborn :$bFerdinand Schöningh,$ccopyr. 1926. 300 $a453 p. ;$c24 cm. 650 4$aMorale.$0(OLS)http://semarc/subject/2260 650 4$aPsicologia.$0(OLS)http://semarc/subject/1671 850 $aSeMil 852 $aSeMil$W1$xVenegono$y1$m2F IV 108$j17552$B17552$CSeMilBibl$Z2$F17553 $81 996 $6245$aDie Tiefen der Seele :$bMoralpsychologische Studien$9(OLS)http://semarc/title/78696 996 $6260$aPaderborn :$bFerdinand Schöningh$9(OLS)http://semarc/publisher/31027